Races de chevaux et poneys - Statistiques

Statistiques générales
  • Ce quiz a été pris 700 fois
  • Le résultat moyen est 8 sur 16
Statistiques - réponses
Par images Réponse % Correct
pur sang arabe
91%
shetland
84%
frison
83%
fjord
69%
pur sang anglais
59%
trotteur
59%
camargue
58%
percheron
48%
haflinger
44%
shire
34%
mustang
32%
connemara
31%
irish cob
31%
merens
31%
marwari
28%
islandais
27%
Aucun quiz correspondant
Distribution des résultats
% des personnes avec chaque résultat
Percentile par nombre de réponses
Votre historique - résultats
Vous n’avez pas pris ce quiz